[Event "DEN-chT 2324 61st"]
[Site "Denmark"]
[Date "2024.01.27"]
[Round "5.8"]
[White "Pedersen, Gunnar"]
[Black "Brorsen, Jacob Abildlund"]
[Result "1-0"]
[WhiteElo "2201"]
[BlackElo "2147"]
[PlyCount "85"]
[EventDate "2023.10.28"]
[EventType "team-tourn"]
[EventRounds "9"]
[EventCountry "DEN"]
[SourceTitle "CB11_2024"]
[SourceDate "2024.03.13"]
[SourceVersion "1"]
[SourceVersionDate "2024.03.13"]
[SourceQuality "1"]
[WhiteTeam "Copenhagen 68"]
[BlackTeam "BMS"]
[WhiteTeamCountry "DEN"]
[BlackTeamCountry "DEN"]

1. d4 d5 2. c4 c6 3. cxd5 cxd5 4. Bg5 Nc6 5. Nc3 Nf6 6. Bxf6 gxf6 7. e3 Qa5 8. Nge2 Bg4 9. h3 Bxe2 10. Bxe2 e6 11. 0-0 Bd6 12. Rc1 f5 13. Qa4 Ke7 14. Bb5 Qxa4 15. Nxa4 Na5 16. Nc5 Rhc8 17. Rfd1 a6 18. Be2 Bxc5 19. dxc5 Nc6 20. Kh2 a5 21. a3 Ne5 22. Bb5 Nd7 23. Bxd7 Kxd7 24. g4 fxg4 25. hxg4 Kc6 26. Kg3 Rg8 27. Rh1 Rg7 28. Rh6 Rag8 29. f3 a4 30. Kf4 Kd7 31. e4 dxe4 32. Kxe4 Rc8 33. Rd1+ Ke7 34. Rh5 f5+ 35. gxf5 exf5+ 36. Rxf5 Rg6 37. Re5+ Re6 38. Rxe6+ Kxe6 39. Rd6+ Kf7 40. Rd7+ Kg6 41. Kd5 Rb8 42. Kd6 h5 43. Kc7 1-0

[Event "DEN-chT 2223 60th"]
[Site "Denmark"]
[Date "2023.03.05"]
[Round "7.4"]
[White "Pedersen, Gunnar"]
[Black "Hagen, Kresten Skytte"]
[Result "1-0"]
[WhiteElo "2221"]
[BlackElo "2138"]
[PlyCount "71"]
[EventDate "2022.10.29"]
[EventType "team-tourn"]
[EventRounds "9"]
[EventCountry "DEN"]
[SourceTitle "CBM 213 Extra"]
[Source "ChessBase"]
[SourceDate "2023.05.31"]
[SourceVersion "1"]
[SourceVersionDate "2023.05.31"]
[SourceQuality "1"]
[WhiteTeam "Copenhagen 68"]
[BlackTeam "Aarhus/Skolerne"]
[WhiteTeamCountry "DEN"]
[BlackTeamCountry "DEN"]

1. e4 e6 2. d4 d5 3. e5 c5 4. c3 Nc6 5. Nf3 Bd7 6. Bd3 Nge7 7. 0-0 cxd4 8. cxd4 Nb4 9. Be2 Nf5 10. Nc3 Qb6 11. Rb1 Be7 12. a3 Nc6 13. Be3 f6 14. Na4 Qd8 15. exf6 gxf6 16. Bf4 0-0 17. Rc1 Rf7 18. Nc5 Bc8 19. Re1 Bxc5 20. Rxc5 Rg7 21. Bd3 Nfxd4 22. Nxd4 Nxd4 23. Bxh7+ Rxh7 24. Qxd4 b6 25. Rc3 e5 26. Rg3+ Rg7 27. Rxg7+ Kxg7 28. Bxe5 fxe5 29. Rxe5 Qf6 30. Rg5+ Kf7 31. Qxd5+ Qe6 32. Qf3+ Ke8 33. h4 Rb8 34. Qg3 Qe1+ 35. Kh2 Be6 36. Qxb8+ 1-0

[Event "Aarhus-chB"]
[Site "Aarhus"]
[Date "2023.02.11"]
[Round "3"]
[White "Lauridsen, Jesper Morch"]
[Black "Pedersen, Gunnar"]
[Result "1-0"]
[WhiteElo "2251"]
[BlackElo "2207"]
[PlyCount "65"]
[EventDate "2023.02.10"]
[EventType "tourn"]
[EventRounds "5"]
[EventCountry "DEN"]
[SourceTitle "EXT 2024"]
[Source "ChessBase"]
[SourceDate "2023.10.10"]
[SourceVersion "1"]
[SourceVersionDate "2023.10.10"]
[SourceQuality "1"]

1. e4 c5 2. d4 cxd4 3. c3 g6 4. cxd4 d5 5. exd5 Nf6 6. Nc3 Nxd5 7. Bc4 Nxc3 8. Qb3 Nd5 9. Bxd5 e6 10. Bxb7 Bxb7 11. Qxb7 Nd7 12. Ne2 Bg7 13. Qb4 Rb8 14. Qa3 Qb6 15. 0-0 Bf8 16. Qa4 Bd6 17. d5 e5 18. Nc3 Rb7 19. Be3 Bc5 20. Qc6 Bxe3 21. Qc8+ Ke7 22. d6+ Qxd6 23. Qxb7 Rb8 24. Qd5 Bd4 25. Qxd6+ Kxd6 26. Rab1 Nb6 27. Rfd1 Nc4 28. b3 Na3 29. Rbc1 Rb4 30. Ne4+ Kd5 31. Nf6+ Ke6 32. Rc6+ Ke7 33. Nd5+ 1-0

[Event "Aarhus-chB"]
[Site "Aarhus"]
[Date "2023.02.10"]
[Round "1"]
[White "Rathlev, Jakob"]
[Black "Pedersen, Gunnar"]
[Result "0-1"]
[WhiteElo "2255"]
[BlackElo "2207"]
[PlyCount "125"]
[EventDate "2023.02.10"]
[EventType "tourn"]
[EventRounds "5"]
[EventCountry "DEN"]
[SourceTitle "EXT 2024"]
[Source "ChessBase"]
[SourceDate "2023.10.10"]
[SourceVersion "1"]
[SourceVersionDate "2023.10.10"]
[SourceQuality "1"]

1. c4 e5 2. g3 Nc6 3. Bg2 Bc5 4. a3 a6 5. Nc3 d6 6. e3 Ba7 7. b4 Nge7 8. Bb2 Bf5 9. d3 Qd7 10. h3 0-0 11. Nge2 Rae8 12. Rc1 h6 13. Nd5 Nxd5 14. cxd5 Ne7 15. d4 e4 16. Nc3 Nc8 17. a4 Qe7 18. a5 Bd7 19. h4 Bb8 20. h5 Na7 21. Qc2 f5 22. Ne2 Rc8 23. Nf4 Rfd8 24. 0-0 Bb5 25. Rfe1 c6 26. Qb3 Qf7 27. f3 Bd3 28. Kf2 Rd7 29. Bh3 Rf8 30. Rc3 Re7 31. Ng6 Ree8 32. dxc6 Qxb3 33. Rxb3 Rf7 34. cxb7 Rxb7 35. Rc1 d5 36. Bxf5 Bc4 37. Rbc3 Nb5 38. R3c2 Nd6 39. fxe4 Nxf5 40. exf5 Rxb4 41. Bc3 Ra4 42. Rb2 Bd6 43. Rd2 Kf7 44. Ne5+ Kf6 45. g4 Re7 46. Rb2 Bb5 47. Kf3 Ba3 48. Be1 Rxe5 49. Rc7 Re7 50. Bh4+ Kf7 51. Bxe7 Bxe7 52. g5 hxg5 53. h6 gxh6 54. Rh2 Rc4 55. Rxc4 dxc4 56. Rxh6 c3 57. Rh7+ Kf6 58. Rh6+ Kg7 59. Rh1 c2 60. Rc1 Ba4 61. Kg4 Ba3 62. Rxc2 Bxc2 63. Kxg5 0-1

[Event "Aarhus-chB"]
[Site "Aarhus"]
[Date "2022.02.12"]
[Round "4"]
[White "Wahlund, Max"]
[Black "Pedersen, Gunnar"]
[Result "0-1"]
[WhiteElo "2088"]
[BlackElo "2196"]
[PlyCount "48"]
[EventDate "2022.02.10"]
[EventType "tourn"]
[EventRounds "5"]
[EventCountry "DEN"]
[SourceTitle "EXT 2024"]
[Source "ChessBase"]
[SourceDate "2023.10.10"]
[SourceVersion "1"]
[SourceVersionDate "2023.10.10"]
[SourceQuality "1"]

1. e4 d6 2. d4 Nf6 3. f3 c5 4. Ne2 cxd4 5. Nxd4 e5 6. Nb5 a6 7. N5c3 Be6 8. Bg5 Nbd7 9. Nd2 Qc7 10. Bd3 Be7 11. Qe2 0-0 12. Nc4 b5 13. Ne3 Nb6 14. Bxf6 Bxf6 15. Ncd5 Nxd5 16. Nxd5 Bxd5 17. exd5 e4 18. Bxe4 Bxb2 19. Rb1 f5 20. Kd1 Bc3 21. Bd3 Rae8 22. Qf2 Re5 23. Qh4 Rfe8 24. h3 Qe7 0-1

[Event "DEN-chT 2122 59th"]
[Site "Denmark"]
[Date "2022.01.16"]
[Round "4.7"]
[White "Hestehauge, Klaus"]
[Black "Pedersen, Gunnar"]
[Result "1/2-1/2"]
[WhiteElo "1885"]
[BlackElo "2220"]
[PlyCount "38"]
[EventDate "2021.10.30"]
[EventType "team-tourn"]
[EventRounds "9"]
[EventCountry "DEN"]
[SourceTitle "EXT 2024"]
[Source "ChessBase"]
[SourceDate "2023.10.10"]
[SourceVersion "1"]
[SourceVersionDate "2023.10.10"]
[SourceQuality "1"]
[WhiteTeam "Koge Xtracon"]
[BlackTeam "Copenhagen 68"]
[WhiteTeamCountry "DEN"]
[BlackTeamCountry "DEN"]

1. d4 d5 2. Nf3 Nf6 3. Bf4 e6 4. e3 Bd6 5. Bg3 Ne4 6. Nbd2 f5 7. Bxd6 Qxd6 8. c3 Nd7 9. Be2 0-0 10. 0-0 c6 11. c4 Kh8 12. Rc1 Qe7 13. a3 Qf6 14. b4 a6 15. Qb3 Qe7 16. a4 Ndf6 17. Nxe4 Nxe4 18. Rc2 Bd7 19. Rfc1 Be8 1/2-1/2

[Event "DEN-chT 2122 59th"]
[Site "Denmark"]
[Date "2021.10.31"]
[Round "2.3"]
[White "Jaksland, Tim"]
[Black "Pedersen, Gunnar"]
[Result "1-0"]
[WhiteElo "2212"]
[BlackElo "2220"]
[PlyCount "63"]
[EventDate "2021.10.30"]
[EventType "team-tourn"]
[EventRounds "9"]
[EventCountry "DEN"]
[SourceTitle "CBM 204 Extra"]
[Source "ChessBase"]
[SourceDate "2021.11.30"]
[SourceVersion "1"]
[SourceVersionDate "2021.11.30"]
[SourceQuality "1"]
[WhiteTeam "Hillerod"]
[BlackTeam "Copenhagen 68"]
[WhiteTeamCountry "DEN"]
[BlackTeamCountry "DEN"]

1. e4 c5 2. c3 g6 3. d4 Bg7 4. dxc5 Qc7 5. Be3 Na6 6. Bxa6 bxa6 7. Ne2 Rb8 8. Qd2 a5 9. f3 Ba6 10. Na3 Rb7 11. Rb1 a4 12. Kf2 Nf6 13. b4 axb3 14. axb3 0-0 15. b4 Bxe2 16. Kxe2 Rd8 17. c4 d6 18. Rhd1 Rbb8 19. Nb5 Qb7 20. e5 Ng4 21. exd6 Nxe3 22. Qxe3 exd6 23. Nxd6 Qa6 24. Kf1 Qa4 25. Qb3 Qc6 26. Qd3 a5 27. Qd5 Qc7 28. bxa5 Rxb1 29. Rxb1 Qxa5 30. Qxf7+ Kh8 31. Qd5 h6 32. Nf7+ 1-0

[Event "DEN-chT 1314 52nd"]
[Site "Denmark"]
[Date "2013.11.03"]
[Round "2.8"]
[White "Rathlev, Jakob"]
[Black "Pedersen, Gunnar"]
[Result "1/2-1/2"]
[WhiteElo "2255"]
[BlackElo "2254"]
[PlyCount "51"]
[EventDate "2013.11.02"]
[EventType "team-tourn"]
[EventRounds "9"]
[EventCountry "DEN"]
[SourceTitle "EXT 2015"]
[Source "ChessBase"]
[SourceDate "2014.11.20"]
[SourceVersion "1"]
[SourceVersionDate "2014.11.20"]
[SourceQuality "1"]
[WhiteTeam "Jetsmark"]
[BlackTeam "Copenhagen 68"]
[WhiteTeamCountry "DEN"]
[BlackTeamCountry "DEN"]

1. c4 e6 2. g3 d5 3. Bg2 Nf6 4. Nf3 dxc4 5. Na3 Bxa3 6. bxa3 0-0 7. Qc2 Nbd7 8. Qxc4 c5 9. 0-0 b6 10. Nd4 Ne5 11. Nc6 Nxc6 12. Bxc6 Rb8 13. d4 Bd7 14. Bf3 Rc8 15. dxc5 Rxc5 16. Qb3 Bc6 17. Rd1 Qa8 18. Be3 Rf5 19. Bxc6 Qxc6 20. Rac1 Qb5 21. Rd3 Qa6 22. f3 Rd5 23. Rcd1 Rfd8 24. Bd4 Ne8 25. Kf2 Rc8 26. Rc3 1/2-1/2

[Event "DEN-chT 1213"]
[Site "Denmark"]
[Date "2013.02.17"]
[Round "7.8"]
[White "Pedersen, Gunnar"]
[Black "Andersen, Jackie"]
[Result "0-1"]
[WhiteElo "2231"]
[BlackElo "2345"]
[PlyCount "90"]
[EventDate "2012.10.27"]
[EventType "team-tourn"]
[EventRounds "9"]
[EventCountry "DEN"]
[SourceTitle "EXT 2023"]
[Source "ChessBase"]
[SourceDate "2022.10.05"]
[SourceVersion "1"]
[SourceVersionDate "2022.10.05"]
[SourceQuality "1"]
[WhiteTeam "Copenhagen 68"]
[BlackTeam "Nordea"]
[WhiteTeamCountry "DEN"]
[BlackTeamCountry "DEN"]

1. d4 b5 2. e4 Bb7 3. Bd3 e6 4. Ne2 a6 5. 0-0 c5 6. c3 Nf6 7. Nd2 Nc6 8. Bb1 cxd4 9. cxd4 d6 10. a4 Be7 11. Qb3 0-0 12. Qg3 g6 13. b3 Re8 14. Bb2 bxa4 15. Rxa4 a5 16. f4 Bf8 17. Qf3 Nb4 18. g4 Bg7 19. h4 d5 20. e5 Ne4 21. Nxe4 dxe4 22. Bxe4 Bxe4 23. Qxe4 Qxh4 24. Qf3 Rec8 25. Bc3 Bf8 26. Be1 Qd8 27. f5 Ra7 28. Bf2 Qd5 29. Qxd5 Nxd5 30. Rc1 Rb8 31. Nc3 Bh6 32. Rc2 Nb4 33. Re2 gxf5 34. gxf5 exf5 35. d5 Rc7 36. Bd4 Bg5 37. Rxa5 h6 38. Rc5 Rcb7 39. e6 Nd3 40. Rc6 Nf4 41. exf7+ Rxf7 42. Ra2 Rd7 43. Ra5 Kf7 44. d6 Ke6 45. Rb5 Ne2+ 0-1

[Event "DEN-chT 1213"]
[Site "Denmark"]
[Date "2013.01.12"]
[Round "4.8"]
[White "Holst, Per"]
[Black "Pedersen, Gunnar"]
[Result "1/2-1/2"]
[WhiteElo "2108"]
[BlackElo "2231"]
[PlyCount "89"]
[EventDate "2012.10.27"]
[EventType "team-tourn"]
[EventRounds "9"]
[EventCountry "DEN"]
[SourceTitle "EXT 2014"]
[Source "ChessBase"]
[SourceDate "2013.11.20"]
[SourceVersion "1"]
[SourceVersionDate "2013.11.20"]
[SourceQuality "1"]
[WhiteTeam "Nordre"]
[BlackTeam "Copenhagen 68"]
[WhiteTeamCountry "DEN"]
[BlackTeamCountry "DEN"]

1. d4 d5 2. c4 e6 3. Nf3 Nf6 4. Nc3 Nbd7 5. cxd5 exd5 6. Bg5 c6 7. e3 Be7 8. Bd3 0-0 9. Qc2 Re8 10. 0-0 Nf8 11. Rab1 g6 12. b4 a6 13. a4 Ne6 14. Bh4 Ng7 15. b5 axb5 16. axb5 Bf5 17. bxc6 bxc6 18. Ne5 Rc8 19. Bxf5 Nxf5 20. Bxf6 Bxf6 21. Nd3 Nd6 22. Na4 Nc4 23. Qc3 Be7 24. Nac5 Rb8 25. Rb4 Bd6 26. Rfb1 Rxb4 27. Rxb4 Qh4 28. g3 Qg4 29. Qc2 h5 30. e4 h4 31. e5 Bxc5 32. Nxc5 Qxd4 33. Nd7 Ra8 34. e6 Ra1+ 35. Rb1 Na3 36. e7 Rxb1+ 37. Qxb1 Nxb1 38. e8Q+ Kg7 39. Qf8+ Kh7 40. Qxf7+ Qg7 41. Nf6+ Kh6 42. Ng4+ Kh7 43. Nf6+ Kh6 44. Ng4+ Kh7 45. Nf6+ 1/2-1/2

[Event "DEN-ch rapid"]
[Site "Middelfart"]
[Date "2012.09.30"]
[Round "3"]
[White "Skytte, Rasmus"]
[Black "Pedersen, Gunnar"]
[Result "1-0"]
[WhiteElo "2396"]
[BlackElo "2217"]
[PlyCount "34"]
[EventDate "2012.09.30"]
[EventType "swiss (rapid)"]
[EventRounds "7"]
[EventCountry "DEN"]
[SourceTitle "EXT 2018"]
[Source "ChessBase"]
[SourceDate "2017.10.13"]
[SourceVersion "1"]
[SourceVersionDate "2017.10.13"]
[SourceQuality "1"]

1. e4 c5 2. c3 g6 3. d4 Bg7 4. Nf3 cxd4 5. cxd4 d5 6. e5 Bg4 7. Be3 Bxf3 8. Qxf3 e6 9. Nc3 Ne7 10. Bd3 0-0 11. h4 h6 12. h5 g5 13. Bxg5 Nbc6 14. Bf6 Kh8 15. Bxg7+ Kxg7 16. Qf6+ Kg8 17. Rh4 Nb8 1-0

[Event "Politiken Cup 33rd"]
[Site "Helsingor"]
[Date "2011.08.05"]
[Round "8"]
[White "Hauge, Lars Oskar"]
[Black "Pedersen, Gunnar"]
[Result "1/2-1/2"]
[WhiteElo "2052"]
[BlackElo "2218"]
[PlyCount "50"]
[EventDate "2011.07.30"]
[EventType "swiss"]
[EventRounds "10"]
[EventCountry "DEN"]
[SourceTitle "CBM 143 Extra"]
[Source "ChessBase"]
[SourceDate "2011.08.29"]
[SourceVersion "1"]
[SourceVersionDate "2011.08.29"]
[SourceQuality "1"]

1. e4 c5 2. Nf3 e6 3. d4 cxd4 4. Nxd4 Bc5 5. Nb3 Bb6 6. Nc3 Ne7 7. Bf4 d5 8. exd5 exd5 9. Bd3 0-0 10. 0-0 Nbc6 11. Qh5 g6 12. Qh4 Nf5 13. Qxd8 Rxd8 14. Na4 Bd4 15. Nxd4 Nfxd4 16. Nc3 Bf5 17. Bxf5 Nxf5 18. Rad1 Nfd4 19. Rd2 Ne6 20. Bg3 d4 21. Ne2 Nb4 22. a3 Nxc2 23. Rxc2 d3 24. Rd2 dxe2 25. Rxe2 Rac8 1/2-1/2

[Event "Politiken Cup 33rd"]
[Site "Helsingor"]
[Date "2011.08.02"]
[Round "5"]
[White "Pedersen, Gunnar"]
[Black "Jensen, Ib Vagn Norgaard"]
[Result "1-0"]
[WhiteElo "2218"]
[BlackElo "1985"]
[PlyCount "93"]
[EventDate "2011.07.30"]
[EventType "swiss"]
[EventRounds "10"]
[EventCountry "DEN"]
[SourceTitle "CBM 143 Extra"]
[Source "ChessBase"]
[SourceDate "2011.08.29"]
[SourceVersion "1"]
[SourceVersionDate "2011.08.29"]
[SourceQuality "1"]

1. d4 d5 2. c4 Nc6 3. Nc3 Nf6 4. cxd5 Nxd5 5. Nf3 Bg4 6. e4 Nxc3 7. bxc3 e6 8. Rb1 Be7 9. Rxb7 0-0 10. Be2 Na5 11. Rb1 c5 12. 0-0 Qc7 13. Ne5 Bxe2 14. Qxe2 cxd4 15. cxd4 f6 16. Nf3 Rfc8 17. Qa6 Kf7 18. d5 exd5 19. exd5 Nc4 20. Qe6+ Kf8 21. Nd4 Qd6 22. Rb7 Rcb8 23. Rd7 Qxe6 24. Nxe6+ Ke8 25. Rc7 Nb6 26. Nxg7+ Kf7 27. Rd1 Kxg7 28. Rxe7+ Kg6 29. d6 Rd8 30. g4 Nc8 31. Re6 Kf7 32. Rde1 Rxd6 33. Re8 Rd1 34. Rxd1 Kxe8 35. Bb2 Ke7 36. Ba3+ Ke8 37. Re1+ Kf7 38. Kg2 Rb8 39. Rc1 Kg6 40. Rc7 a6 41. Bf8 f5 42. Rg7+ Kf6 43. g5+ Ke5 44. Rxh7 Nb6 45. Bg7+ Kf4 46. Bf6 Ke4 47. Re7+ 1-0

[Event "North Sea Cup 22nd"]
[Site "Esbjerg"]
[Date "2007.07.16"]
[Round "6"]
[White "Rendboe, John Filip"]
[Black "Pedersen, Gunnar"]
[Result "1-0"]
[WhiteElo "2215"]
[BlackElo "2224"]
[PlyCount "67"]
[EventDate "2007.07.13"]
[EventType "swiss"]
[EventRounds "10"]
[EventCountry "DEN"]
[SourceTitle "CBM 119 Extra"]
[Source "ChessBase"]
[SourceDate "2007.09.04"]
[SourceVersion "1"]
[SourceVersionDate "2007.09.04"]
[SourceQuality "1"]

1. d4 d5 2. c4 e6 3. Nf3 Nf6 4. Bg5 h6 5. Bf4 Bb4+ 6. Nc3 dxc4 7. g3 a6 8. Bg2 b5 9. Ne5 Nd5 10. Bd2 Bb7 11. 0-0 Nxc3 12. bxc3 Bxg2 13. Kxg2 Bd6 14. Nf3 Nd7 15. e4 Nb6 16. Nh4 Qd7 17. Be3 Na4 18. Qc2 0-0-0 19. Rad1 g5 20. Nf3 f5 21. d5 f4 22. Bd4 Rhf8 23. e5 Bc5 24. Qg6 Qxd5 25. Bxc5 Qxc5 26. Qxe6+ Kb7 27. Qxh6 Rxd1 28. Rxd1 Nxc3 29. Rd7 Ne4 30. Nd4 f3+ 31. Kg1 Rc8 32. Qg6 Qxe5 33. Qc6+ Kb8 34. Qxa6 1-0

[Event "North Sea Cup 22nd"]
[Site "Esbjerg"]
[Date "2007.07.15"]
[Round "5"]
[White "Pedersen, Gunnar"]
[Black "Tonndorf, Matthias"]
[Result "1-0"]
[WhiteElo "2224"]
[BlackElo "2237"]
[PlyCount "80"]
[EventDate "2007.07.13"]
[EventType "swiss"]
[EventRounds "10"]
[EventCountry "DEN"]
[SourceTitle "CBM 119 Extra"]
[Source "ChessBase"]
[SourceDate "2007.09.04"]
[SourceVersion "1"]
[SourceVersionDate "2007.09.04"]
[SourceQuality "1"]

1. Nf3 c5 2. c4 b6 3. g3 Bb7 4. Bg2 Nf6 5. 0-0 e6 6. Nc3 Be7 7. d4 cxd4 8. Qxd4 Nc6 9. Qd2 0-0 10. b3 Qc7 11. Bb2 Rac8 12. Rac1 Qb8 13. Rfd1 Rfd8 14. Qc2 Qa8 15. Qb1 d6 16. Nb5 Ne8 17. Rd2 a6 18. Nc3 Ne5 19. Ne1 Bxg2 20. Nxg2 Qb7 21. Rcd1 b5 22. f4 Qb6+ 23. Kh1 Ng4 24. Ne4 bxc4 25. Bd4 Qb7 26. h3 Nh6 27. g4 f6 28. bxc4 Qxb1 29. Rxb1 Rxc4 30. Ne3 Rc6 31. f5 d5 32. Nc3 Bc5 33. Bxc5 Rxc5 34. Na4 Ra5 35. fxe6 Rxa4 36. Nxd5 Ra8 37. Rb7 Re4 38. Nb6 Rb4 39. Rdd7 Ra7 40. Rb8 Kf8 1-0

[Event "Ribe EMT Master 2"]
[Site "Ribe"]
[Date "2006.04.23"]
[Round "5"]
[White "Lauridsen, Jesper Morch"]
[Black "Pedersen, Gunnar"]
[Result "1-0"]
[WhiteElo "2269"]
[BlackElo "2169"]
[PlyCount "39"]
[EventDate "2006.04.21"]
[EventType "tourn"]
[EventRounds "5"]
[EventCountry "DEN"]
[SourceTitle "EXT 2023"]
[Source "ChessBase"]
[SourceDate "2022.10.05"]
[SourceVersion "1"]
[SourceVersionDate "2022.10.05"]
[SourceQuality "1"]

1. e4 c5 2. Nf3 e6 3. d4 cxd4 4. Nxd4 Nf6 5. Nc3 d6 6. Be3 a6 7. f3 b5 8. g4 Nfd7 9. Qd2 Nb6 10. 0-0-0 N8d7 11. Ndxb5 axb5 12. Nxb5 d5 13. Qc3 Rxa2 14. Nc7+ Ke7 15. Qb4+ Kf6 16. e5+ Nxe5 17. Qf4+ Kg6 18. Qxe5 Ra1+ 19. Kd2 Rxd1+ 20. Kxd1 1-0

[Event "Ribe EMT Master 2"]
[Site "Ribe"]
[Date "2006.04.22"]
[Round "2"]
[White "Pedersen, Gunnar"]
[Black "Matthiesen, Martin"]
[Result "1-0"]
[WhiteElo "2169"]
[BlackElo "2365"]
[PlyCount "79"]
[EventDate "2006.04.21"]
[EventType "tourn"]
[EventRounds "5"]
[EventCountry "DEN"]
[SourceTitle "EXT 2023"]
[Source "ChessBase"]
[SourceDate "2022.10.05"]
[SourceVersion "1"]
[SourceVersionDate "2022.10.05"]
[SourceQuality "1"]

1. d4 g6 2. Nf3 Bg7 3. c4 d6 4. Nc3 Nd7 5. e3 e5 6. Be2 Ngf6 7. 0-0 0-0 8. b4 Re8 9. a4 e4 10. Nd2 Nf8 11. b5 h5 12. a5 a6 13. bxa6 bxa6 14. Rb1 N8h7 15. Qc2 Ng5 16. Nd5 Bf5 17. Rb7 Nf3+ 18. Kh1 Ng4 19. h3 Qh4 20. Bxf3 Nxf2+ 21. Rxf2 Qxf2 22. Bd1 Bxd4 23. Bb2 Bxe3 24. Nxe3 Qxe3 25. Nf1 Qe1 26. Be2 Qxa5 27. Ne3 Rab8 28. Rxb8 Rxb8 29. Bc3 Qc5 30. Nd5 Qf2 31. Qd1 Rb7 32. c5 Qxc5 33. Bxa6 Rb8 34. Qd2 e3 35. Nxe3 Be4 36. Bd3 Bxd3 37. Qxd3 Rb3 38. Nd5 Kf8 39. Qe4 c6 40. Qe7+ 1-0

[Event "Ribe EMT Master 2"]
[Site "Ribe"]
[Date "2006.04.21"]
[Round "1"]
[White "Poulsen, Iver"]
[Black "Pedersen, Gunnar"]
[Result "1/2-1/2"]
[WhiteElo "2153"]
[BlackElo "2169"]
[PlyCount "39"]
[EventDate "2006.04.21"]
[EventType "tourn"]
[EventRounds "5"]
[EventCountry "DEN"]
[SourceTitle "EXT 2023"]
[Source "ChessBase"]
[SourceDate "2022.10.05"]
[SourceVersion "1"]
[SourceVersionDate "2022.10.05"]
[SourceQuality "1"]

1. e4 c5 2. Nc3 e6 3. Nge2 d5 4. exd5 exd5 5. d4 Nc6 6. Be3 c4 7. g3 Bb4 8. Bg2 Nge7 9. 0-0 0-0 10. a3 Ba5 11. b4 cxb3 12. cxb3 Bxc3 13. Nxc3 Be6 14. Qd3 Qd7 15. Rfe1 Rfc8 16. b4 Bh3 17. Bf3 Bg4 18. Bg2 Bh3 19. Bf3 Bg4 20. Bg2 1/2-1/2